| 000 | 00864cam a2200241 a 4500 | ||
|---|---|---|---|
| 001 | 000019710 | ||
| 005 | 20200929170118.0 | ||
| 008 | 790306s1951 ag 000 f spa d | ||
| 040 |
_aDO-SdBNP _bspa _cDLC _dBNPHU |
||
| 082 |
_aA863.4 _bG182t |
||
| 100 | 1 |
_aGálvez, Manuel, _d1882-1962. _922398 |
|
| 245 | 1 | 0 |
_aTiempo de odio y angustia (1839-1840) / _cManuel Gálvez. |
| 260 |
_aBuenos Aires, (Argentina) : _bEditorial Espasa-Calpe Argentina, _c1951. |
||
| 300 |
_a257, [14] p. ; _c18 cm. |
||
| 490 | 1 |
_aAustral. Azul: novelas y cuentos en general _v1010 |
|
| 500 | _aIncluye índice de autores. | ||
| 650 | 4 |
_aNovela argentina _93941 |
|
| 650 | 4 |
_aNovela histórica argentina _942157 |
|
| 650 | 4 |
_aLiteratura argentina _93860 |
|
| 830 | 0 |
_aAustral. _pAzul: novelas y cuentos en general; _v1010 _922386 |
|
| 910 | _aCatalogación derivada / LC | ||
| 049 | _aBNGR | ||
| 999 |
_c19225 _d19225 |
||